A client management system for criminal justice referrals to drug abuse treatment /

Bibliographic Details
Main Author: Pate, Wayland Gordon, 1959-
Format: Thesis eBook
Language:English
Published: [Place of publication not identified] : [publisher not identified] ; 1986.
Subjects:
Online Access:Link to OAKTrust copy

MARC

Tag First Indicator Second Indicator Subfields
LEADER 00000cam a2200000 a 4500
001 in00000015115
005 20220103115018.0
007 cr unu a
008 880606s1986 xx a b 00010 eng d
035 |9 AAA9925AM 
035 |a (OCoLC)18040131 
040 |a TXA  |c TXA  |d UtOrBLW 
043 |a n-us-tx 
049 |a TXAZ [Also in] [Archives]  |c 1 [A09509260], 2 [A09509278] 
099 |a 1986  |a Thesis  |a P295 
100 1 |a Pate, Wayland Gordon,  |d 1959- 
245 1 2 |a A client management system for criminal justice referrals to drug abuse treatment /  |c by Wayland Gordon Pate. 
264 1 |a [Place of publication not identified] :  |b [publisher not identified] ;  |c 1986. 
300 |a viii, 60 leaves :  |b illustrations ;  |c 29 cm. 
336 |a text  |b txt  |2 rdacontent 
337 |a computer  |b c  |2 rdamedia 
338 |a online resource  |b cr  |2 rdacarrier 
500 |a "Major subject: Psychology." 
500 |a Typescript (photocopy). 
500 |a Vita. 
502 |b M.S.  |c Texas A&M University  |d 1986. 
504 |a Bibliography: leaves 38-40. 
530 |a Also available online. 
650 0 |a Drug abuse and crime  |z Texas. 
650 0 |a Drug abuse  |x Treatment  |z Texas. 
650 4 |a Major psychology. 
856 4 1 |u https://hdl.handle.net/1969.1/ETD-TAMU-1986-THESIS-P295  |z Link to OAKTrust copy  |t 0 
999 |a MARS 
999 f f |s 1097a7be-ab4a-3530-a689-8e5f9826ab5a  |i 0c5e58db-354c-3f16-b6a7-0f1ec822d841  |t 0 
952 f f |p noncirc  |a Texas A&M University  |b J.J. Pickle Campus  |c High Density Repository  |s HDR  |d Remote Storage  |t 0  |e 1986 Thesis P295  |h Other scheme  |i computer -- online resource  |m A14839617679 
952 f f |a Texas A&M University  |b College Station  |c Electronic Resources  |s www_evans  |d Available Online  |t 0  |e 1986 Thesis P295  |h Other scheme 
998 f f |a 1986 Thesis P295  |t 0  |l Remote Storage 
998 f f |a 1986 Thesis P295  |t 0  |l Available Online